| 000 | 01011cam a22002531i 4500 | ||
|---|---|---|---|
| 003 | SA-RiAUC | ||
| 005 | 20241127073647.0 | ||
| 008 | 241127s1997 su g 000 0 ara c | ||
| 040 |
_aJO-IrJUST _bara _cSA-RiAUC _erda |
||
| 082 | 0 | 4 |
_a258.3 _qSA-RiAUC |
| 090 |
_a258.3 _bا ب ن ف |
||
| 100 | 1 |
_aابن فرح، أحمد بن فرح بن أحمد، _d625-699 هجري _eمؤلف. |
|
| 245 | 1 | 0 |
_aمختصر خلافيات البيهقي / _cأحمد بن فرح اللخمي الإشبيلي الشافعي. |
| 264 | 1 |
_aالرياض : _bمكتبة الرشد للنشر والتوزيع، _c1997 |
|
| 300 |
_aمجلد، _b24 سم. |
||
| 336 |
_aنص _btxt _2rdacontent _3كتاب |
||
| 337 |
_aبدون وسيط _bn _2rdamedia |
||
| 338 |
_aمجلد _bnc _2rdacarrier |
||
| 650 | 7 |
_aالفقه الشافعي _2aucsh |
|
| 700 | 1 | 2 |
_aالبيهقي، أحمد بن الحسين بن علي، _d384-458 هجري |
| 740 | 2 | 2 | _aالخلافيات. |
| 942 |
_2ddc _cBOOK |
||
| 949 |
_aSA-JeALM _d241127 _ukhaled123 _n1 |
||
| 999 |
_c2800 _d2800 |
||